| 000 | 01053nam a2200241Ia 4500 | ||
|---|---|---|---|
| 003 | OSt | ||
| 005 | 20210112122229.0 | ||
| 008 | 191128t2006 ck a ar 000 1 spa d | ||
| 020 | _a9789586890311 | ||
| 040 |
_aCO-JMCR _cCO-JMCR |
||
| 041 | 1 | _aspa | |
| 082 | 0 | 4 |
_aA / _bBUTd |
| 100 |
_aButler, John, 1952-, autor _91964 |
||
| 245 | 0 |
_aDulces sueños / _cJohn Butler |
|
| 260 |
_aBogotá : _bLarousse, _c©2006 |
||
| 300 |
_a[14] páginas sin numerar : _bilustraciones a color ; _c26 cm. |
||
| 440 | 0 |
_aPrimera Infancia del Ministerio de Cultura _91788 |
|
| 500 | _aPlan Nacional de Lectura y Escritura. Leer es mi cuento, 2012. Recomendado para niños de 0 años en adelante. | ||
| 520 | _aLos cachorritos y los bebés tienen mucho en común. ¿Pueses dar un fuerte abrazo de oso? Tal vez prefieras descansar con tus hermanitos en un tibio y confortable nido: quizás desees quedarte con tu mamá y comer bambú a la luz de la luna., como si fueras un | ||
| 546 | _aspa | ||
| 650 | 1 | 4 |
_aAnimales en la literatura _91965 _xalbum |
| 942 |
_2ddc _cBK |
||
| 999 |
_c3223 _d3223 |
||